| 000 | 00672nam a2200205Ia 4500 | ||
|---|---|---|---|
| 003 | IN-BaIIA | ||
| 008 | 211028s9999 xx 000 0 eng d | ||
| 040 | _cIIA Library | ||
| 080 |
_a524.75 _bBUR |
||
| 100 |
_aBurbidge, Geoffrey _95542 |
||
| 245 | 0 |
_aQuasi-stellar objects _cGeoffrey Burbidge and Margaret Burbidge |
|
| 260 |
_aSan Francisco _bW. H. Freeman _c1967 |
||
| 300 | _aviii, 235p. | ||
| 490 | _aA series of books in astronomy and astrophysics | ||
| 650 | _aAstronomy and astrophysics thesaurus | ||
| 650 |
_aExternal galaxies _94215 |
||
| 650 |
_aQuasars _91096 |
||
| 700 |
_aBurbidge, Margaret _95543 |
||
| 942 | _cBK | ||
| 999 |
_c3121 _d3121 |
||